| 000 | 01027nam a2200277 a 4500 | ||
|---|---|---|---|
| 008 | |||
| 020 | _a3528064811 (cased) | ||
| 049 | _aMAIN | ||
| 090 | 0 | 1 | _aQD262 |
| 245 | 0 | 0 |
_aOrganic synthesis via organometallics (OSM 4) : _bproceedings of the fourth symposium in Aachen, July 15 to 18, 1992 / _cedited by Dieter Enders, Hans-Joachim Gais, Wilhelm Keim. |
| 260 |
_aAachen : _bVieweg, _cc1992. |
||
| 300 |
_aviii, 223 p. : _bill. ; _c23 cm. |
||
| 500 | _aHalf title: Advances in organic synthesis via organometallics. | ||
| 504 | _aIncludes bibliographical references. | ||
| 650 | 0 |
_aOrganic compounds _xSynthesis _vCongresses. |
|
| 650 | 0 |
_aOrganometallic compounds _vCongresses. |
|
| 700 | 1 | _aEnders, Dieter. | |
| 700 | 1 | _aGais, Hans-Joachim. | |
| 700 | _aKeim, Wilhelm. | ||
| 740 | 0 | _aAdvances in organic synthesis via organometallics. | |
| 907 |
_a.b1012777x _b22-06-04 _c17-06-04 |
||
| 003 | |||
| 005 | 20230123133742.0 | ||
| 040 | _cNUST | ||
| 942 |
_cBOOKS _kQD262 |
||
| 999 |
_c154014 _d154014 |
||